000 00406nam a2200145Ia 4500
008 231129s2001||||xx |||||||||||||| ||spa||
020 _a958-30-0783-8
040 _bspa
082 _aV860.4 R173s
100 _aRamirez Gomez Liliana
245 0 _aEstudio literario de Dona Barbara : Romulo Gallegos
260 _c2001
264 _aPanamericana
942 _2ddc
_cBKS
999 _c13635
_d13635